PCR Cloning protocols (Record no. 17056)

000 -LEADER
fixed length control field 00363nam a22001457a 4500
008 - FIXED-LENGTH DATA ELEMENTS--GENERAL INFORMATION
fixed length control field 140321t xxu||||| |||| 00| 0 eng d
020 ## - INTERNATIONAL STANDARD BOOK NUMBER
International Standard Book Number 0-89603-969-2
100 ## - MAIN ENTRY--PERSONAL NAME
Personal name Bing-yuan chen
9 (RLIN) 806
240 ## - UNIFORM TITLE
Uniform title Methods in Molecular biology
245 ## - TITLE STATEMENT
Title PCR Cloning protocols
250 ## - EDITION STATEMENT
Edition statement second edition
300 ## - PHYSICAL DESCRIPTION
Extent 438 p.
440 ## - SERIES STATEMENT/ADDED ENTRY--TITLE
Volume/sequential designation volume 192
9 (RLIN) 807
942 ## - ADDED ENTRY ELEMENTS (KOHA)
Source of classification or shelving scheme
Koha item type Book
Holdings
Withdrawn status Lost status Source of classification or shelving scheme Damaged status Not for loan Permanent Location Current Location Date acquired Total Checkouts Full call number Barcode Date last seen Price effective from Koha item type Collection code Date last checked out
          Atta-ur-Rahman School of Applied Biosciences (ASAB) Atta-ur-Rahman School of Applied Biosciences (ASAB) 03/21/2014   572.86 CHE ASAB1500 12/03/2025 03/21/2014 Book    
          Atta-ur-Rahman School of Applied Biosciences (ASAB) Atta-ur-Rahman School of Applied Biosciences (ASAB) 03/21/2014 1 572.86 CHE ASAB1499 04/21/2022 03/21/2014 Book   04/11/2022
          Atta-ur-Rahman School of Applied Biosciences (ASAB) Atta-ur-Rahman School of Applied Biosciences (ASAB) 03/21/2014   572.86 CHE ASAB1498 03/21/2014 03/21/2014 Book    
          Atta-ur-Rahman School of Applied Biosciences (ASAB) Atta-ur-Rahman School of Applied Biosciences (ASAB) 03/21/2014   572.86 CHE ASAB1497 03/21/2014 03/21/2014 Book    
          Atta-ur-Rahman School of Applied Biosciences (ASAB) Atta-ur-Rahman School of Applied Biosciences (ASAB) 03/21/2014   572.86 CHE ASAB1496 05/12/2016 03/21/2014 Book    
© 2023 Central Library, National University of Sciences and Technology. All Rights Reserved.